Quri libro, qullqi libro - Libro de oro, libro de plata : (Record no. 23284)

000 -CABECERA
fixed length control field 01028nam a22002417i 4500
003 - IDENTIFICADOR DEL NÚMERO DE CONTROL
control field AR-CdUCM
008 - DATOS DE LONGITUD FIJA--INFORMACIÓN GENERAL
fixed length control field 250425b20172017 pe||||| |||| 00| 0 spa d
040 ## - FUENTE DE LA CATALOGACIÓN
Agencia/entidad que catalogó originalmente la obra MUNICIPALIDAD PROVINCIAL DEL CUSCO
Entidad que transcribió la catalogación BIBLIOTECA MUNICIPAL DEL CUSCO
082 ## - NÚMERO DE LA CLASIFICACIÓN DECIMAL DEWEY
No. de Clasificación EP / 869.57038 / O47
Notacion interna O47
245 ## - MENCIÓN DE TÍTULO
Título Quri libro, qullqi libro - Libro de oro, libro de plata :
Resto del título Warmakunapac yachayninmanta - El saber de los niños /
260 ## - PUBLICACIÓN, DISTRIBUCIÓN, ETC.
Lugar de publicación, distribución, etc. Cusco :
Nombre de la editorial, distribuidor, etc. Centro de Estudios Regionales Andinos Bartolomé de las Casas
Fecha de publicación, distribución, etc. 2017
300 ## - DESCRIPCIÓN FÍSICA
Nº de Páginas Extensión 152 páginas. :
Otros detalles físicos Ilustraciones
Dimensiones 25x23 cm.
505 ## - NOTA DE CONTENIDO CON FORMATO
Nota de contenido formateada Llank'ariqkuna, participantes -- Atuqmantawan Kunturmantawan, el zorro y el cóndor -- Pueblo Mayupampa -- El niño y el cóndor
650 ## - PUNTO DE ACCESO ADICIONAL DE MATERIA--TÉRMINO DE MATERIA
Descriptor Tradición oral
9 (RLIN) 2031
650 ## - PUNTO DE ACCESO ADICIONAL DE MATERIA--TÉRMINO DE MATERIA
Descriptor Cuentos
9 (RLIN) 51164
650 ## - PUNTO DE ACCESO ADICIONAL DE MATERIA--TÉRMINO DE MATERIA
Descriptor Educación intercultural
9 (RLIN) 948
700 ## - PUNTO DE ACCESO ADICIONAL--NOMBRE DE PERSONA
Nombre Personal Mercado, Rafal (compilación y adaptación)
9 (RLIN) 51165
700 ## - PUNTO DE ACCESO ADICIONAL--NOMBRE DE PERSONA
Nombre Personal Mercado, Rafael (traducción)
9 (RLIN) 51166
856 ## - LOCALIZACIÓN Y ACCESO ELECTRÓNICOS
Dirección electrónica www.cbc.org.pe
942 ## - ELEMENTOS DE PUNTO DE ACCESO ADICIONAL (KOHA)
Fuente de clasificación
Tipo de item Libros-BMC
945 ## - PROCESAMIENTO DE INFORMACIÓN LOCAL (OCLC)
Catalogador pbjr
AAAA-MM-DD - Fecha de ingreso o modificacion 25-04-2025
Holdings
Estado de retiro (separado) Fuente de clasificación o esquema de estanterías Estado dañado Ubicación Sala donde se ubica Nombre de la colección Fecha de adquisición o compra Fuente de adquisición Costo, precio normal en soles Signatura topográfica Código de Barras Última vez visto (Koha) Tipo de ítem (Koha)
No     Sala de Infantes Sala de Infantes Book Cart 2025-04-25 Depósito legal 10.00 EP / 869.57038 / O47 SI00005021 2025-04-25 Libros-BMC

Powered by Koha